DESIGN OF CONCRETE STRUCTURES (Registro nro. 35364)
[ vista simple ]
| 000 -LEADER | |
|---|---|
| fixed length control field | 00489nam a2200181 a 4500 |
| 001 - CONTROL NUMBER | |
| control field | 35364 |
| 005 - DATE AND TIME OF LATEST TRANSACTION | |
| control field | 20180714003702.0 |
| 008 - FIXED-LENGTH DATA ELEMENTS--GENERAL INFORMATION | |
| fixed length control field | 140415s1972 000 0 spa d |
| 041 ## - LANGUAGE CODE | |
| Language code of text/sound track or separate title | spa |
| 082 ## - DEWEY DECIMAL CLASSIFICATION NUMBER | |
| Classification number | 624.177 |
| Item number | WIN |
| 100 1# - MAIN ENTRY--PERSONAL NAME | |
| Personal name | WINTER, GEORGE |
| 245 10 - TITLE STATEMENT | |
| Title | DESIGN OF CONCRETE STRUCTURES |
| 250 ## - EDITION STATEMENT | |
| Edition statement | 8a ed. |
| 260 ## - PUBLICATION, DISTRIBUTION, ETC. | |
| Place of publication, distribution, etc. | [s.l.] : |
| Name of publisher, distributor, etc. | MCGRAW-HILL KOGAKUSHA, |
| Date of publication, distribution, etc. | 1972 |
| 300 ## - PHYSICAL DESCRIPTION | |
| Extent | 615 |
| 650 14 - SUBJECT ADDED ENTRY--TOPICAL TERM | |
| Topical term or geographic name entry element | ESTRUCTURAS |
| General subdivision | INGENIERIA CIVIL |
| 700 1# - ADDED ENTRY--PERSONAL NAME | |
| Personal name | Nilson, Arthur H., |
| Relator term | coaut. |
| Withdrawn status | Lost status | Source of classification or shelving scheme | Damaged status | Not for loan | Collection code | Home library | Current library | Shelving location | Date acquired | Source of acquisition | Inventory number | Total Checkouts | Full call number | Barcode | Date last seen | Price effective from | Koha item type |
|---|---|---|---|---|---|---|---|---|---|---|---|---|---|---|---|---|---|
| Dewey Decimal Classification | General | Biblioteca Karol Wojtyla | Biblioteca Karol Wojtyla | Sala general | 03/12/2013 | Compra | 151000000000000000003881 | 624.177 WIN | 53416 | 04/03/2026 | 03/12/2013 | Libro |